00473nam a22001457a 450000500170000000800410001702000270005804100130008508200130009810000400011124500670015126000570021830000260027565000260030120240119095904.0240119b |||||||| |||| 00| 0 eng d a040903301 ; 0409003743 aEnglish  a349 JOU  aJoubert, WA and Scott, TJlEnglish  aThe Law of South Africa : Revenue / cWA Joubert and TJ Scott  aDurban : bButterworth Publishers (Pty) Ltd, c1992  b503 pages ; c26 cm.  aLegal practice bLaw